[Event "Hilton Chess Festival"]
[Site "Basel SUI"]
[Date "2004.01.01"]
[Round "2"]
[White "Brendel,O"]
[Black "Pinter,J"]
[Result "1-0"]
[WhiteElo "2294"]
[BlackElo "2501"]

1.e4 c5 2.Nf3 d6 3.d4 cxd4 4.Nxd4 Nf6 5.Nc3 a6 6.Be3 e5 7.Nb3 Be6 8.f3 Nbd7
9.Qd2 Be7 10.g4 Nb6 11.O-O-O Qc7 12.h4 Nfd7 13.g5 O-O-O 14.Nd5 Bxd5 15.exd5 Nc4
16.Bxc4 Qxc4 17.Na5 Qc7 18.Rhg1 Nc5 19.Rg4 Kd7 20.Bxc5 dxc5 21.d6 Bxd6 22.Nxb7 Qxb7
23.Qxd6+ Kc8 24.Qxc5+ Qc7 25.Rc4  1-0

[Event "ch-AUS"]
[Site "Adelaide AUS"]
[Date "2004.01.03"]
[Round "5"]
[White "Charles,G"]
[Black "Blazkova,P"]
[Result "0-1"]
[WhiteElo "2171"]
[BlackElo "2266"]

1.e4 c5 2.Nf3 d6 3.d4 cxd4 4.Nxd4 Nf6 5.Nc3 a6 6.Be3 e6 7.f3 Qc7 8.Qd2 b5
9.g4 Bb7 10.g5 Nfd7 11.h4 Be7 12.O-O-O Ne5 13.h5 Nbd7 14.Be2 Nb6 15.b3 d5
16.Nb1 dxe4 17.g6 O-O-O 18.gxf7 exf3 19.Bd3 Bc5 20.Rh4 Nd5 21.c3 Nxd3+ 22.Qxd3 Nxe3
23.Qxe3 e5 24.Kb2 exd4 25.cxd4 Qe7 26.Qf2 Qe2+ 27.Qxe2 fxe2 28.Rc1 e1=Q 29.Rxe1 Bxd4+
30.Kc2 Bf2  0-1

[Event "ITAG"]
[Site "Basel SUI"]
[Date "2004.01.03"]
[Round "2"]
[White "Jenni,F"]
[Black "Hort,V"]
[Result "1/2-1/2"]
[WhiteElo "2518"]
[BlackElo "2543"]

1.e4 c5 2.Nf3 d6 3.d4 cxd4 4.Nxd4 Nf6 5.Nc3 a6 6.Be3 e5 7.Nb3 Be6 8.Qd2 Nbd7
9.f3 h5 10.Nd5 Bxd5 11.exd5 g6 12.Na5 Qc7 13.c4 Bg7 14.Be2 O-O 15.O-O b6
16.Nc6 Nb8 17.Nxb8 Rfxb8 18.Rac1 Qd7 19.Bd3 Kh7 20.f4 e4 21.Be2 Qf5 22.h3 b5
23.b3 bxc4 24.bxc4 Rb7 25.Rb1 Rab8 26.Rxb7 Rxb7 27.Qc2 Qc8 28.Rb1 Nd7 29.Rxb7 Qxb7
30.f5 Qb4 31.fxg6+ fxg6 32.Kf1 Nc5 33.Bxc5 Qxc5 34.Qxe4 Qd4 35.Qxd4 Bxd4
36.c5 Bxc5 37.Bxa6 Ba3 38.Ke2 Kg7 39.Kd3 Kf6 40.Kc3 Ke7 41.h4 Bc1 42.Be2 Be3
43.Kc4 Bf2 44.Bd3 Kf6 45.Kb5 Bxh4 46.Kc6 Bg3 47.a4 g5 48.a5 Ke5 49.a6 Bf2
50.g3 g4 51.Bb5 Bc5 52.Kb7 Ke4 53.a7 Bxa7 54.Kxa7 Kf3 55.Kb6 Kxg3 56.Kc7 h4
57.Kxd6 h3 58.Bd3 Kf4 59.Bf1 Kf3 60.Ke5 h2 61.Bd3 g3 62.d6 g2  1/2-1/2

[Event "Hilton Chess Festival"]
[Site "Basel SUI"]
[Date "2004.01.03"]
[Round "6"]
[White "Gallagher,Jo"]
[Black "Nemet,I"]
[Result "1-0"]
[WhiteElo "2524"]
[BlackElo "2383"]

1.e4 c5 2.Nf3 d6 3.d4 cxd4 4.Nxd4 Nf6 5.Nc3 a6 6.Be3 e5 7.Nf3 Qc7 8.a4 Be6
9.a5 Be7 10.Be2 O-O 11.O-O Nbd7 12.Ng5 Bc4 13.Ra4 Bxe2 14.Qxe2 Rac8 15.Nf3 Rfe8
16.Bg5 b5 17.axb6 Qxb6 18.Ra2 a5 19.Nd2 d5 20.exd5 Rxc3 21.bxc3 Nxd5 22.Bxe7 Nxc3
23.Qd3 Qd4 24.Qxd4 exd4 25.Rxa5 Rxe7 26.Nf3 Nf8 27.Nxd4 Rc7 28.Re1 g6 29.f3 h5
30.Re8 Kg7 31.Raa8 Rd7 32.Rad8 Rxd4 33.Rxd4  1-0

[Event "TCh-BEL 2003-4"]
[Site "Belgium BEL"]
[Date "2004.01.11"]
[Round "6"]
[White "Gulbas,C"]
[Black "Bobras,P"]
[Result "0-1"]
[WhiteElo "2363"]
[BlackElo "2450"]

1.e4 c5 2.Nf3 d6 3.d4 cxd4 4.Nxd4 Nf6 5.Nc3 a6 6.Be3 e5 7.Nb3 Be6 8.f3 Be7
9.Qd2 O-O 10.O-O-O Qc7 11.g4 Rc8 12.g5 Nh5 13.Nd5 Bxd5 14.exd5 Nd7 15.Bh3 a5
16.Kb1 g6 17.Bg4 a4 18.Nc1 a3 19.b3 Nf4 20.Bxf4 exf4 21.Ne2 Bxg5 22.h4 Bf6
23.Nxf4 Bc3 24.Qc1 Re8 25.h5 Nc5 26.hxg6 hxg6 27.Be6 Bg7 28.Rdg1 Nxe6 29.Nxe6 Rxe6
30.dxe6 Qc3 31.exf7+ Kf8  0-1

[Event "TCh-BEL 2003-4"]
[Site "Belgium BEL"]
[Date "2004.01.11"]
[Round "6"]
[White "Van den Doel,E"]
[Black "Jaracz,P"]
[Result "1/2-1/2"]
[WhiteElo "2599"]
[BlackElo "2540"]

1.e4 c5 2.Nf3 d6 3.d4 cxd4 4.Nxd4 Nf6 5.Nc3 a6 6.Be3 e5 7.Nb3 Be6 8.f3 h5
9.Qd2 Nbd7 10.O-O-O b5 11.h3 Be7 12.Kb1 h4 13.f4 Qc8 14.Bd3 Bc4 15.Rhe1 O-O
16.Bf2 b4 17.Bxc4 Qxc4 18.Nd5 Nxd5 19.Qxd5 Qc7 20.Qa5 Rfc8 21.Qxc7 Rxc7 22.fxe5 dxe5
23.Rd5 Rac8 24.Re2 Kf8 25.Nc1 g5 26.Nd3 f6 27.Be1 Rb8 28.Nf2 Nc5 29.Ng4 Ne6
30.Bd2 Nd4 31.Rf2 Kg7 32.Ne3 Bc5 33.Rf1 a5 34.c3 Ne2 35.Nf5+ Kg6 36.Kc2 bxc3
37.bxc3 Bb4 38.Rf3 Rbc8 39.Rdd3 Bc5 40.Rd5 Bb4 41.Rdd3 Bc5 42.Rd5  1/2-1/2

[Event "Western Class Championships"]
[Site "Agoura Hills USA"]
[Date "2004.01.16"]
[Round "1"]
[White "Abrahamyan,T"]
[Black "Matikozian,A"]
[Result "0-1"]
[WhiteElo "2254"]
[BlackElo "2466"]

1.e4 c5 2.Nf3 d6 3.d4 cxd4 4.Nxd4 Nf6 5.Nc3 a6 6.Be3 e5 7.Nb3 Be6 8.f3 Nbd7
9.Qd2 Be7 10.g4 Nb6 11.g5 Nh5 12.O-O-O Rc8 13.Kb1 O-O 14.Qf2 Nc4 15.Bxc4 Rxc4
16.h4 Rxc3 17.bxc3 Qc7 18.f4 exf4 19.Bxf4 Nxf4 20.Qxf4 Qxc3 21.Qd2 Qc4 22.Qd3 Qb4
23.Qd4 Qb5 24.Qb2 Bg4 25.Rd2 g6 26.Re1 Re8 27.Rd5 Qd7 28.Nd4 Bf8 29.e5 Bg7
30.Qb6 Bxe5 31.Rexe5 Rxe5 32.Rxd6 Qe7 33.Rd8+ Kg7 34.Rb8 Rd5 35.Rxb7 Qe1+
36.Kb2 Qe5 37.c3 Qh2+  0-1

[Event "Western Class Championships"]
[Site "Agoura Hills USA"]
[Date "2004.01.18"]
[Round "4"]
[White "Abrahamyan,T"]
[Black "Matikozian,A"]
[Result "0-1"]
[WhiteElo "2254"]
[BlackElo "2466"]

1.e4 c5 2.Nf3 d6 3.d4 cxd4 4.Nxd4 Nf6 5.Nc3 a6 6.Be3 e5 7.Nb3 Be6 8.f3 Nbd7
9.Qd2 Be7 10.g4 h6 11.O-O-O b5 12.h4 Nb6 13.Kb1 Nfd7 14.Nd5 Bxd5 15.exd5 Rc8
16.Nc1 Nc5 17.b3 Ncd7 18.Bh3 Bxh4 19.g5 Bxg5 20.Bxg5 Qxg5 21.Bxd7+ Kxd7 22.Qa5 Qe3
23.Nd3 Na8 24.Qxa6 Qb6 25.Qa3 Nc7 26.Nb4 Qc5 27.c3 Qxc3 28.Rd3 Qc5 29.Rc1 Ra8  0-1

[Event "TCh-BEL 2003-4"]
[Site "Belgium BEL"]
[Date "2004.01.18"]
[Round "7"]
[White "Lutz,C"]
[Black "Gommers,R"]
[Result "1-0"]
[WhiteElo "2597"]
[BlackElo "2349"]

1.e4 c5 2.Nf3 d6 3.d4 cxd4 4.Nxd4 Nf6 5.Nc3 a6 6.Be3 e5 7.Nb3 Be6 8.f3 h5
9.Qd2 Nbd7 10.O-O-O Rc8 11.Kb1 Be7 12.g3 b5 13.Nd5 Bxd5 14.exd5 Nb6 15.Bh3 Nc4
16.Qe2 Rc7 17.f4 O-O 18.Rhg1 a5 19.Bc1 Qa8 20.fxe5 dxe5 21.Bg2 Qa6 22.Nd2 Bc5
23.Rge1 Ne3 24.d6 Rcc8 25.Ne4 Nxe4 26.Bxe4 Ng4 27.d7 Rcd8 28.Bf5 Bd6 29.a4 Bb4
30.axb5 Qf6 31.Rf1 Qe7 32.h3  1-0

[Event "Open"]
[Site "Praha CZE"]
[Date "2004.01.21"]
[Round "7"]
[White "Kislov,M"]
[Black "Trichkov,V"]
[Result "1-0"]
[WhiteElo "2360"]
[BlackElo "2325"]

1.e4 c5 2.Nf3 d6 3.d4 Nf6 4.Nc3 cxd4 5.Nxd4 a6 6.Be3 e5 7.Nb3 Be7 8.f3 Be6
9.Qd2 O-O 10.O-O-O b5 11.Nd5 Bxd5 12.exd5 Nbd7 13.Na5 Qc7 14.Nc6 Rfe8 15.Kb1 Bf8
16.c4 Nb6 17.Rc1 bxc4 18.Bxc4 Nxc4 19.Rxc4 Qd7 20.g4 g6 21.h3 Bg7 22.Re1 a5
23.Bg5 Qb7 24.Bxf6 Bxf6 25.g5 Bg7 26.Rce4 a4 27.h4 a3 28.b3 Ra6 29.f4 Rxc6
30.dxc6 Qxc6 31.Qc1 Qd7 32.Qxa3 d5 33.Qa4 Qc8 34.Rc1 Qe6 35.Re2 Qf5+ 36.Rec2 Rf8
37.Qc6 exf4 38.a4 f3 39.Ka2 d4 40.Rf2 Qf4 41.Rxf3 Qxh4 42.Qd5 Qh2+ 43.Ka3 Qd2
44.Rcf1 d3 45.R3f2 Qe3 46.Rxf7 Rxf7 47.Qxf7+ Kh8 48.Qc7 Qe8 49.Rf3 Bf8+ 50.b4 Bxb4+
51.Kxb4 Qe4+ 52.Kc3 Qxf3 53.Qd8+ Kg7 54.Qf6+ Qxf6+ 55.gxf6+ Kxf6 56.a5 Ke5
57.a6 Kd6 58.a7  1-0

[Event "1st WinTV Open"]
[Site "Chennai IND"]
[Date "2004.01.22"]
[Round "2"]
[White "Das,A"]
[Black "Iswarya,S"]
[Result "1-0"]
[WhiteElo "2334"]
[BlackElo "2057"]

1.e4 c5 2.Nf3 d6 3.d4 cxd4 4.Nxd4 Nf6 5.Nc3 a6 6.Be3 e5 7.Nf3 Qc7 8.a4 Be6
9.a5 Nbd7 10.Be2 Be7 11.O-O O-O 12.Nd5 Nxd5 13.exd5 Bf5 14.c4 Bg6 15.b4 f5
16.Ng5 Bxg5 17.Bxg5 f4 18.f3 Rfc8 19.Qd2 b6 20.Bh4 Bf7 21.Bf2 bxa5 22.Rxa5 Nb6
23.Rc1 Rab8 24.Rxa6 Nxd5 25.Ra7 Qc6 26.b5 Rxb5 27.Rd1 Rbb8 28.cxd5 Qxd5 29.Qxd5 Bxd5
30.Raa1 Rc2 31.Bd3 Ra2 32.Be4 Bb3 33.Rab1 Kf8 34.Bd5 Ra3 35.Rd3  1-0

[Event "1st WinTV Open"]
[Site "Chennai IND"]
[Date "2004.01.22"]
[Round "3"]
[White "Ramesh,R"]
[Black "Laxman,R"]
[Result "1-0"]
[WhiteElo "2506"]
[BlackElo "2335"]

1.e4 c5 2.Nf3 d6 3.d4 cxd4 4.Nxd4 Nf6 5.Nc3 a6 6.Be3 e5 7.Nb3 Be6 8.f3 Be7
9.Qd2 O-O 10.O-O-O Qc7 11.g4 Rc8 12.g5 Nh5 13.Kb1 Nd7 14.Rg1 g6 15.Nd5 Bxd5
16.exd5 Bf8 17.Bh3 a5 18.Nc1 b5 19.Bg4 Nf4 20.Bxf4 exf4 21.Nd3 Rcb8 22.Bxd7 Qxd7
23.Nf2 Qf5 24.Rg4 Bg7 25.Qxf4 Qxf4 26.Rxf4 Be5 27.Re4 h5 28.f4 Bg7 29.Nd3 b4
30.f5 gxf5 31.Rf4 Re8 32.Rxf5 Re2 33.h4 Rc8 34.Rc1 Rh2 35.Rf4 Re8 36.Rc4 Re3
37.Nf4 b3 38.Nxh5 bxc2+ 39.R4xc2 Rxh4 40.Nf6+ Bxf6 41.gxf6 Rh6 42.Rg2+ Rg6
43.Rc8+ Kh7 44.Rh2+ Rh6 45.Rf2 Rh4 46.Kc2 Reh3 47.Rf8 Kg6 48.Rg8+  1-0

[Event "1st WinTV Open"]
[Site "Chennai IND"]
[Date "2004.01.25"]
[Round "6"]
[White "Dzhumaev,M"]
[Black "Srinivasa Rao,M"]
[Result "1/2-1/2"]
[WhiteElo "2498"]
[BlackElo "2335"]

1.e4 c5 2.Nf3 d6 3.d4 cxd4 4.Nxd4 Nf6 5.Nc3 a6 6.Be3 e5 7.Nb3 Be6 8.f3 Nbd7
9.g4 b5 10.g5 b4 11.Nd5 Nxd5 12.exd5 Bf5 13.Bd3 Bxd3 14.Qxd3 Be7 15.h4 O-O
16.O-O-O a5 17.Nd2 f5 18.gxf6 Nxf6 19.h5 Qc7 20.Bg5 Rac8 21.h6 g6 22.Rdg1 Kh8
23.Kb1 a4 24.f4 Nxd5 25.Qxd5 Qxc2+ 26.Ka1 a3 27.Rb1 Rc5 28.Qb7 Qxd2 29.Bxe7 axb2+
30.Rxb2 Rc1+ 31.Rxc1 Qxc1+ 32.Rb1 Qc3+  1/2-1/2

[Event "1st WinTV Open"]
[Site "Chennai IND"]
[Date "2004.01.27"]
[Round "8"]
[White "Ramesh,R"]
[Black "Srinivasa Rao,M"]
[Result "1-0"]
[WhiteElo "2506"]
[BlackElo "2335"]

1.e4 c5 2.Nf3 d6 3.d4 cxd4 4.Nxd4 Nf6 5.Nc3 a6 6.Be3 e5 7.Nf3 Be7 8.Bc4 O-O
9.O-O Qc7 10.Qd3 Nbd7 11.Bg5 Nb6 12.Bxf6 Bxf6 13.Nd5 Nxd5 14.Bxd5 Be6 15.c3 Rac8
16.h3 Qb6 17.Bxe6 fxe6 18.b3 Be7 19.c4 Rf4 20.Rad1 Rcf8 21.Rfe1 g5 22.Qe3 Qxe3
23.Rxe3 h5 24.c5 d5 25.exd5 Bxc5 26.Rxe5 R8f5 27.Rxf5 Rxf5 28.d6 Bb6 29.d7 Bd8
30.Re1 Kf7 31.Nd4 Rf6 32.Re5 Rg6 33.h4 gxh4 34.Rxh5 Ke7 35.Rh7+ Kd6 36.Nf3 Rg4
37.Rh8 Kc7 38.Ne5 Rf4 39.Re8 Bf6 40.Rc8+ Kd6 41.d8=Q+ Bxd8 42.Ng6  1-0

[Event "1st WinTV Open"]
[Site "Chennai IND"]
[Date "2004.01.28"]
[Round "9"]
[White "Shetty,R"]
[Black "Das,A"]
[Result "0-1"]
[WhiteElo "2382"]
[BlackElo "2334"]

1.e4 c5 2.Nf3 d6 3.d4 cxd4 4.Nxd4 Nf6 5.Nc3 a6 6.Be3 e5 7.Nb3 Be6 8.f3 h5
9.Qd2 Nbd7 10.O-O-O Rc8 11.Kb1 Be7 12.h3 b5 13.Qe1 Qc7 14.Bd3 Nb6 15.g4 b4
16.Ne2 Nc4 17.Bc1 a5 18.g5 Nh7 19.h4 a4 20.Na1 Qb6 21.Bxc4 Bxc4 22.b3 Ba6
23.f4 g6 24.Ng3 exf4 25.Bxf4 O-O 26.Be3 Qc7 27.Bd4 Rfe8 28.Rg1 d5 29.Qf2 dxe4
30.Nxe4 axb3 31.axb3 Qc6 32.Nf6+ Bxf6 33.gxf6 Re6 34.Rde1 Rce8 35.Rxg6+ fxg6
36.f7+ Kf8 37.Bc5+ R8e7 38.Rd1 Nf6 39.Bxe7+ Rxe7 40.Qf4 Kxf7  0-1

[Event "Open"]
[Site "Marianske Lazne CZE"]
[Date "2004.01.29"]
[Round "7"]
[White "Cagasik,P"]
[Black "Szoen,D"]
[Result "0-1"]
[WhiteElo "2118"]
[BlackElo "2284"]

1.e4 c5 2.Nf3 d6 3.d4 cxd4 4.Nxd4 Nf6 5.Nc3 a6 6.Be3 e5 7.Nb3 Be6 8.f3 Be7
9.Qd2 Nbd7 10.O-O-O b5 11.g4 Nb6 12.g5 Nfd7 13.Nd5 Bxd5 14.exd5 Rc8 15.Na5 Nxd5
16.Nb7 Qc7  0-1

[Event "9th HIT Open"]
[Site "Nova Gorica SLO"]
[Date "2004.01.31"]
[Round "3"]
[White "Jurkovic,A"]
[Black "Szeberenyi,A"]
[Result "1-0"]
[WhiteElo "2319"]
[BlackElo "2450"]

1.e4 c5 2.Nf3 d6 3.d4 cxd4 4.Nxd4 Nf6 5.Nc3 a6 6.Be3 e5 7.Nb3 Be6 8.Qd2 Nbd7
9.f3 b5 10.g4 Nb6 11.Bxb6 Qxb6 12.g5 Nh5 13.a4 b4 14.Nd5 Bxd5 15.Qxd5 Rc8
16.O-O-O Nf4 17.Qa5 Qf2 18.Nd2 b3 19.Qxa6 Rxc2+ 20.Kb1 Be7 21.Bb5+ Kd8 22.Nc4 d5
23.Qb7  1-0

[Event "9th HIT Open"]
[Site "Nova Gorica SLO"]
[Date "2004.02.01"]
[Round "4"]
[White "Solak,D"]
[Black "Brkic,A"]
[Result "1/2-1/2"]
[WhiteElo "2546"]
[BlackElo "2420"]

1.e4 c5 2.Nf3 d6 3.d4 cxd4 4.Nxd4 Nf6 5.Nc3 a6 6.Be3 Nc6 7.f3 e6 8.Qd2 Be7
9.g4 O-O 10.g5 Nd7 11.h4 Nxd4 12.Bxd4 b5 13.O-O-O Qc7 14.Kb1 b4 15.Ne2 Ne5
16.Ng1 a5 17.b3 Nc6 18.Ba1 a4 19.f4 Ba6 20.Ne2 Qa5 21.Nc1  1/2-1/2

[Event "9th HIT Open"]
[Site "Nova Gorica SLO"]
[Date "2004.02.04"]
[Round "8"]
[White "Jaracz,B"]
[Black "Dobrov,V"]
[Result "1-0"]
[WhiteElo "2287"]
[BlackElo "2481"]

1.e4 c5 2.Nf3 d6 3.d4 cxd4 4.Nxd4 Nf6 5.Nc3 a6 6.Be3 e5 7.Nb3 Be7 8.f3 Be6
9.Qd2 O-O 10.O-O-O Qc7 11.g4 Rc8 12.g5 Nh5 13.Kb1 Nd7 14.Nd5 Bxd5 15.exd5 g6
16.Bh3 a5 17.a3 Bf8 18.Bg4 a4 19.Nc1 Nf4 20.Bxf4 exf4 21.Rhe1 Nb6 22.Bxc8 Rxc8
23.Re4 Bg7 24.Qe2 Qd8 25.h4 h6 26.Re1 Qd7 27.Re8+ Kh7 28.Rxc8 Qxc8 29.gxh6 Kxh6
30.Qe4 Nc4 31.Qxf4+ Kh7 32.h5 gxh5 33.Nd3 b5 34.Qxf7 Qh3 35.Rg1  1-0

[Event "Scheveningen"]
[Site "Monte Carlo MNC"]
[Date "2004.02.05"]
[Round "6"]
[White "Bellaiche,A"]
[Black "Rotstein,A"]
[Result "0-1"]
[WhiteElo "2474"]
[BlackElo "2519"]

1.e4 c5 2.Nf3 d6 3.d4 cxd4 4.Nxd4 Nf6 5.Nc3 a6 6.Be3 e6 7.f3 Be7 8.Qd2 O-O
9.O-O-O Nc6 10.g4 Nxd4 11.Bxd4 b5 12.Kb1 Nd7 13.h4 Bb7 14.g5 b4 15.Ne2 a5
16.Be3 Ne5 17.Nd4 d5 18.Qh2 Nc6 19.g6 Nxd4 20.gxh7+ Kxh7 21.Bxd4 dxe4 22.Bb5 Bf6
23.Be3 Qc8 24.Rd7 Bd5 25.Bg5 Qb8 26.Qe2 Qe5 27.Bxf6 gxf6 28.fxe4 Bxe4 29.Rg1 Bg6
30.h5 Qxh5 31.Qg2 Kg7 32.Bd3 f5 33.Be2 Qh6 34.Rh1 Qf4 35.Bh5 Kf6 36.Bxg6 fxg6
37.Rf1 Qh4 38.Rg1 g5 39.Rh1 Qe4 40.Rh6+ Ke5 41.Qd2 f4 42.Rg7 Rg8 43.Rxe6+ Kxe6
44.Qd7+ Kf6 45.Qf7+ Ke5 46.Qc7+ Kf5 47.Qc5+ Qe5 48.Rf7+ Ke4 49.Re7 Qxe7 50.Qxe7+ Kf3
51.Qe1 Rae8 52.Qf1+ Kg4 53.Qg2+ Kf5 54.Qd5+ Kf6 55.Qd4+ Kg6 56.a3 bxa3 57.bxa3 Rgf8
58.Qd3+ Rf5 59.Qd6+ Kh5 60.Qd7 Re1+ 61.Kb2 Kg4 62.Qd4 Re3 63.c4 Rfe5 64.c5 Re2+
65.Kb1 Re1+ 66.Kb2 R5e2+ 67.Kb3 Re3+ 68.Kb2 R1e2+ 69.Kc1 Ra2 70.Qd1+ Kg3
71.Kb1 Rae2 72.Qg1+ Rg2 73.Qd1 Kh2 74.Qh5+ Rh3 75.Qg6 f3 76.Qd6+ Kh1 77.Qd3 g4
78.c6 f2  0-1

[Event "FSGM February"]
[Site "Budapest HUN"]
[Date "2004.02.08"]
[Round "2"]
[White "Papp,Ga"]
[Black "Szeberenyi,A"]
[Result "1-0"]
[WhiteElo "2420"]
[BlackElo "2450"]

1.e4 c5 2.Nf3 d6 3.d4 cxd4 4.Nxd4 Nf6 5.Nc3 a6 6.Be3 e5 7.Nb3 Be6 8.f3 Nbd7
9.Qd2 b5 10.O-O-O Rc8 11.Kb1 Nb6 12.Qf2 Nfd7 13.g4 Be7 14.h4 O-O 15.Nd5 Bxd5
16.exd5 Nc4 17.Bc1 Qb6 18.Qe1 Rfe8 19.g5 a5 20.Bxc4 bxc4 21.Nxa5 c3 22.Nc6 cxb2
23.Be3 Nc5 24.Bxc5 dxc5 25.Qxe5 Bf8 26.Qc3 Ra8 27.Qb3 Qa6 28.Rhe1 c4 29.Qxb2 Ba3
30.Qc3 Bf8 31.Rxe8 Qxa2+ 32.Kc1 Rxe8 33.d6 Ra8 34.d7 Ba3+ 35.Kd2 Bb2 36.Ke2  1-0

[Event "AS04 Centenary"]
[Site "Copenhagen DEN"]
[Date "2004.02.08"]
[Round "2"]
[White "Kaaber,J"]
[Black "Timmermans,I"]
[Result "1-0"]
[WhiteElo "2049"]
[BlackElo "2237"]

1.e4 c5 2.Nf3 d6 3.d4 cxd4 4.Nxd4 Nf6 5.Nc3 a6 6.Be3 e5 7.Nb3 Be6 8.f3 Be7
9.Qd2 h5 10.O-O-O Nbd7 11.Kb1 Rc8 12.Be2 Nb6 13.f4 Nc4 14.Bxc4 Rxc4 15.f5 Bd7
16.Qd3 b5 17.h3 Qa8 18.Nd2 Rxc3 19.bxc3 d5 20.g4 dxe4 21.Qe2 Bc6 22.Rhe1 hxg4
23.hxg4 Rh3 24.Rh1 Rxh1 25.Rxh1 Qb7 26.Nb3 Bd5 27.g5 Nd7 28.Rh8+ Nf8 29.Qf2 b4
30.f6 gxf6 31.gxf6 Bd6 32.Bc5 Bxb3 33.axb3 Qd5 34.cxb4 Kd7 35.Bxd6 Qxd6 36.Qf5+ Ne6
37.Qxe4 Nd4 38.Qg4+ Qe6 39.Qxe6+ Kxe6 40.c3 Ne2 41.Kc2 Kxf6 42.Rh6+ Kg5 43.Rxa6  1-0

[Event "AS04 Centenary"]
[Site "Copenhagen DEN"]
[Date "2004.02.10"]
[Round "4"]
[White "Skovgaard,P2"]
[Black "Royset,P"]
[Result "1/2-1/2"]
[WhiteElo "2035"]
[BlackElo "2254"]

1.e4 c5 2.Nf3 d6 3.d4 cxd4 4.Nxd4 Nf6 5.Nc3 a6 6.Be3 e5 7.Nb3 Be6 8.f3 d5
9.exd5 Nxd5 10.Nxd5 Qxd5 11.Qxd5 Bxd5 12.O-O-O Be6 13.Nc5 Bxc5 14.Bxc5 Nd7
15.Bd6 f6 16.b3 O-O-O 17.Rd3 Nb8 18.Bxb8 Kxb8 19.Rxd8+ Rxd8 20.Bd3 h6 21.Rd1 Kc7
22.c4 b6 23.g4 a5 24.Bf5 Re8 25.Bg6 Re7 26.Kc2 e4 27.fxe4 Bxg4 28.Rd5 Bd7
29.a3 Bc6 30.Rd4 Re5 31.h4 Be8 32.Bxe8 Rxe8 33.Kd3 g5 34.h5 g4 35.Ke3 g3
36.Kf3 Rg8 37.Kg2 Rg4 38.Rd3 a4 39.bxa4 Rxe4 40.Rd5 Rxc4 41.a5 bxa5 42.Rxa5 Kd6
43.Kxg3 Ke6 44.Ra6+ Kf5 45.Ra5+ Ke4 46.Kg4 Rc1 47.Ra4+ Ke5 48.Ra5+ Ke4 49.Ra4+  1/2-1/2

[Event "TCh-FIN 2003-4"]
[Site "Finland FIN"]
[Date "2004.02.14"]
[Round "7"]
[White "Nyysti,S"]
[Black "Agopov,M"]
[Result "1/2-1/2"]
[WhiteElo "2399"]
[BlackElo "2378"]

1.e4 c5 2.Nf3 d6 3.d4 cxd4 4.Nxd4 Nf6 5.Nc3 a6 6.Be3 e6 7.f3 Be7 8.Qd2 Nc6
9.O-O-O O-O 10.g4 Nxd4 11.Qxd4 b5 12.h4 e5 13.Qd2 b4 14.Na4 Rb8 15.b3 Qa5
16.Ba7 Rb7 17.Qe3 Nd7 18.Qf2 Nc5 19.Bxc5 dxc5 20.Kb1 Be6 21.Nb2 c4 22.Bxc4 Bc5
23.Qe2 Bd4 24.f4 Bxb2 25.Kxb2 exf4 26.Bd5 Rd7 27.Rhf1 Bxd5 28.Rxd5 Rxd5 29.exd5 Qxd5
30.Rxf4 a5  1/2-1/2

[Event "X Open"]
[Site "Coria del Rio ESP"]
[Date "2004.02.15"]
[Round "5"]
[White "Cheparinov,I"]
[Black "Barria,D"]
[Result "1-0"]
[WhiteElo "2550"]
[BlackElo "2351"]

1.e4 c5 2.Nf3 d6 3.d4 cxd4 4.Nxd4 Nf6 5.Nc3 a6 6.Be3 e6 7.g4 b5 8.g5 Nfd7
9.a3 Bb7 10.h4 Nc6 11.Rg1 Nxd4 12.Bxd4 Ne5 13.Rg3 Nc6 14.Be3 Be7 15.h5 Rc8
16.f4 b4 17.axb4 Nxb4 18.Kf2 O-O 19.h6 d5 20.hxg7 Re8 21.Rh3 d4 22.Qh5  1-0

[Event "Tringov mem Open"]
[Site "Plovdiv BUL"]
[Date "2004.02.18"]
[Round "4"]
[White "Arnaudov,P2"]
[Black "Petkov,V"]
[Result "0-1"]
[WhiteElo "2120"]
[BlackElo "2345"]

1.e4 c5 2.Nf3 d6 3.d4 cxd4 4.Nxd4 Nf6 5.Nc3 a6 6.Be3 e5 7.Nb3 Be6 8.Bd3 Nc6
9.O-O Be7 10.h3 O-O 11.f4 exf4 12.Bxf4 g6 13.a4 d5 14.e5 Nd7 15.Qe2 Bg5 16.Bh2 Qc7
17.Rae1 Rae8 18.Kh1 Bh4 19.Rd1 Ndxe5 20.Nd4 Nxd4 21.Qxe5 Qxe5 22.Bxe5 Nc6
23.Bc7 f5 24.Ne2 d4 25.Bb6 Bf6 26.Bc5 Be7 27.Bxd4 Nxd4 28.Nxd4 Bf7 29.Nf3 Bf6
30.Rfe1 Kg7 31.b3 Bc3 32.Rxe8 Rxe8 33.Nd2 Bd5 34.Kg1 Bc6 35.Kf1 Kf6 36.Nf3 b5
37.axb5 axb5 38.Be2 Re6 39.Kf2 Be8 40.Rd5 b4 41.Bc4 Rb6 42.Ra5 Bc6 43.Ra7 Bb7
44.g4 fxg4 45.hxg4 h5 46.g5+ Kf5 47.Kg3 Ke4 48.Ra5 Ke3 49.Ra7 h4+ 50.Nxh4 Be1+
51.Kh3 Bc8+ 52.Kg2 Bxh4 53.Ra5 Kf4 54.Bd3 Bxg5 55.Rc5 Bf5 56.Rc4+ Ke3  0-1

[Event "5th Montenegro Open"]
[Site "Sozina SCG"]
[Date "2004.02.20"]
[Round "3"]
[White "Szabo,G ROM"]
[Black "Dodic,D"]
[Result "1/2-1/2"]
[WhiteElo "2404"]
[BlackElo "2179"]

1.e4 c5 2.Nf3 d6 3.d4 cxd4 4.Nxd4 Nf6 5.Nc3 a6 6.Be3 e5 7.Nb3 Be6 8.Qd2 Be7
9.f3 b5 10.O-O-O Nbd7 11.Qf2 Qc7 12.g4 h6 13.Kb1 b4 14.Nd5 Bxd5 15.exd5 a5
16.Bb5 Kf8 17.Bc6 Ra6 18.Nc1 Rxc6 19.dxc6 Qxc6 20.h4 Nd5 21.Qe2 Nxe3 22.Qxe3 g6
23.f4 Kg7 24.fxe5 Nxe5 25.Nd3 Bf6 26.Nxe5 Bxe5 27.Rhf1 Rc8 28.Rf2 Rc7 29.Qd3 Qc5
30.Rdf1 Qd4 31.Qxd4 Bxd4 32.Rd2 Be5 33.Rd5 Ra7 34.Rb5 Kf8 35.Rf3 Bd4 36.a3 Bc5
37.axb4 axb4 38.c3 bxc3 39.Rxc3 Ra4 40.Rg3 Rf4 41.Rg2 Kg7 42.Kc2 g5 43.hxg5 hxg5
44.Kc3 Rf3+ 45.Kc4 Rf4+ 46.Kd5 Rd4+ 47.Kc6 Kg6 48.Rb8 Rf4 49.b3 Kf6 50.Rg3 Ke5
51.Ra8 Rb4 52.Ra4 Rxa4 53.bxa4 f5 54.a5 fxg4 55.Rxg4 Kf5 56.Rg2 g4 57.a6 Kf4
58.Rc2 g3 59.Kc7 Ba7 60.Kb7 Bc5 61.Kb8 Be3 62.Rc7 Kf3 63.Rc3 Kf2 64.Rxe3 g2  1/2-1/2

[Event "5th Montenegro Open"]
[Site "Sozina SCG"]
[Date "2004.02.22"]
[Round "5"]
[White "Mijovic,A"]
[Black "Krivokapic,M"]
[Result "0-1"]
[WhiteElo "2141"]
[BlackElo "2310"]

1.e4 c5 2.Nf3 d6 3.d4 cxd4 4.Nxd4 Nf6 5.Nc3 a6 6.Be3 b5 7.f3 Bb7 8.Qd2 e6
9.g4 h6 10.O-O-O Nbd7 11.Bd3 b4 12.Nce2 Qa5 13.Nb3 Qc7 14.Ng3 Ne5 15.Nd4 d5
16.g5 hxg5 17.Bxg5 Bc5 18.Bxf6 gxf6 19.Be2 Rc8 20.Kb1 Bxd4 21.Qxd4 Qxc2+
22.Ka1 Rxh2 23.Rhe1 Rxe2  0-1

[Event "5th Montenegro Open"]
[Site "Sozina SCG"]
[Date "2004.02.23"]
[Round "6"]
[White "Djukic,Ni"]
[Black "Kovacevic,A"]
[Result "1-0"]
[WhiteElo "2448"]
[BlackElo "2541"]

1.e4 c5 2.Nf3 d6 3.d4 cxd4 4.Nxd4 Nf6 5.Nc3 a6 6.Be3 Nc6 7.h3 e6 8.g4 Be7
9.Qe2 O-O 10.O-O-O Nxd4 11.Bxd4 Qa5 12.Bg2 e5 13.Be3 Be6 14.Kb1 Rac8 15.Nd5 Nxd5
16.exd5 Bd7 17.Be4 f5 18.gxf5 Bxf5 19.Bxf5 Rxf5 20.Rhg1 Qa4 21.Rg4 Qd7 22.Rdg1 Bf8
23.Qd3 Rf3 24.h4 Qf5 25.Qxf5 Rxf5 26.c4 Kf7 27.a4 Rf3 28.Rh1 h5 29.Re4 Kf6
30.Kc2 b5 31.axb5 axb5 32.Kd3 Rb8 33.b4 Kf5 34.Rg1 Be7 35.Rxg7 Ra8 36.Rf7+ Bf6
37.Rxf6+ Kxf6 38.cxb5 Ke7 39.Rc4 Kd7 40.Ke4 Rff8 41.Rc6 Ra4 42.Rxd6+ Kxd6
43.Bc5+ Kd7 44.Bxf8 Ra1 45.Kf5 Rg1 46.Bh6 Rg4 47.Bg5 Rxb4 48.Kxe5 Rxb5 49.f4 Rb1
50.f5 Re1+ 51.Kf6 Kd6 52.Kg7  1-0

[Event "5th Montenegro Open"]
[Site "Sozina SCG"]
[Date "2004.02.25"]
[Round "8"]
[White "Djukic,Ni"]
[Black "Barnaure,V"]
[Result "0-1"]
[WhiteElo "2448"]
[BlackElo "2378"]

1.e4 c5 2.Nf3 d6 3.d4 Nf6 4.Nc3 cxd4 5.Nxd4 a6 6.Be3 e5 7.Nb3 Be6 8.f3 Be7
9.Qd2 h5 10.O-O-O Nbd7 11.Kb1 Rc8 12.h3 h4 13.f4 b5 14.Bd3 Qc7 15.Rhe1 Nb6
16.Bxb6 Qxb6 17.Nd5 Bxd5 18.exd5 Rh5 19.fxe5 dxe5 20.Be2 Rf5 21.Bf3 Rd8 22.Qe2 Qc7
23.Bg4 Rf4 24.Qxe5 Qxe5 25.Rxe5 Nxg4 26.hxg4 Kd7 27.Rf5 Rxg4 28.Rxf7 Rf8
29.Nc5+ Kd6 30.Nb7+ Kd7 31.Rxf8 Bxf8 32.d6 Rxg2 33.Nc5+ Kc6 34.d7 Be7 35.Nxa6 h3
36.Nb4+ Kb7 37.Nd5 Bd8 38.Nf4 Rg3 39.Ne6 Be7 40.Nc5+ Kc6 41.Ne4 Rg2 42.c4 bxc4
43.Nd2 Kxd7 44.Nxc4+ Kc7 45.Ne3 Bc5 46.Rc1 Kd6 47.Nf1 g5 48.Rd1+ Ke6 49.a3 h2
50.Nxh2 Rxh2 51.b4 Bd6 52.Re1+ Kf5 53.Rd1 Be5  0-1

[Event "11th Metalis Open"]
[Site "Bizovac CRO"]
[Date "2004.02.26"]
[Round "2"]
[White "Sulc,D"]
[Black "Soldo,R"]
[Result "1-0"]
[WhiteElo "2287"]
[BlackElo "2145"]

1.e4 c5 2.Nf3 d6 3.d4 cxd4 4.Nxd4 Nf6 5.Nc3 a6 6.Be3 e6 7.f3 Nc6 8.Qd2 Be7
9.O-O-O O-O 10.g4 Nxd4 11.Bxd4 b5 12.g5 Nd7 13.h4 b4 14.Na4 Qa5 15.b3 Bb7
16.Kb1 Rac8 17.h5 Bxg5 18.Qg2 Bf6 19.Bxf6 Nxf6 20.h6 g6 21.Rxd6 Rfd8 22.Rxd8+ Rxd8
23.Bd3 Qe5 24.Qf2 Rd4 25.Nb2 Nd7 26.Nc4 Qc5 27.Qh4 f6 28.Qh3 Kf7 29.Re1 Ne5
30.f4 Nxd3 31.cxd3 Rd8 32.e5 Bd5 33.Nd6+ Rxd6 34.exd6 Qxd6 35.Qe3 Bc6 36.Rc1 Bb5
37.Qa7+ Bd7 38.d4 Ke8 39.f5  1-0

[Event "1st Balagne Open"]
[Site "Calvi FRA"]
[Date "2004.02.26"]
[Round "7"]
[White "Starostits,I"]
[Black "Maksimenko,A"]
[Result "1-0"]
[WhiteElo "2431"]
[BlackElo "2541"]

1.e4 c5 2.Nf3 d6 3.d4 cxd4 4.Nxd4 Nf6 5.Nc3 a6 6.Be3 e6 7.g4 h5 8.g5 Ng4
9.Bc1 Nc6 10.Nxc6 bxc6 11.f4 d5 12.h3 Nh6 13.gxh6 d4 14.hxg7 Bxg7 15.Na4 Qa5+
16.Qd2  1-0